000 00763nmm a2200253 a 4500
003 AR-BaBNM
005 20251128211637.0
008 065020s2002 ||||||||||||||000 | spa||
020 _a987-43-4060-6
040 _cAR-BaBNM
100 1 _aSilva, Rosa María
245 1 0 _aPasan cosas lindas en este jardín...
_b(proyectos y realizaciones en nivel inicial)
260 _aBuenos Aires
_bLa Obra
_c2002
300 0 _a115 p.
_bil., fot., gráf.
500 0 _aCon dedicatoria de la autora
504 _aBibliografía en p. 115-117
600 1 4 _aQuinquela Martín, Benito
653 _aEDUCACION INICIAL
653 _aPROYECTOS CURRICULARES
653 _aESTRATEGIAS DIDACTICAS
653 _aJARDINES DE INFANTES
942 _cBK
998 _cmaria eugenia
999 _c20564
_d20564